书目信息 |
| 题名: |
车辆动力学
|
|
| 作者: | 王福天 编 | |
| 分册: | ||
| 出版信息: | 北京 中国铁道出版社 1981 |
|
| 页数: | 254页 | |
| 开本: | 25cm | |
| 丛书名: | ||
| 单 册: | ||
| 中图分类: | U270.1 | |
| 科图分类: | ||
| 主题词: | 铁路车辆--车辆工程 | |
| 电子资源: | ||
| ISBN: | ||
| 000 | 00654nam0 2200253 45 | |
| 001 | 0181006752 | |
| 005 | 20040514081929.7 | |
| 010 | @dCNY1.70 | |
| 091 | @a15043.5203 | |
| 100 | @a19950526d1981 em y0chiy0121 ea | |
| 101 | 0 | @achi |
| 102 | @aCN@b110000 | |
| 105 | @ay z 000yy | |
| 106 | @ar | |
| 200 | 10 | @a车辆动力学@Ache liang dong li xue@f王福天主编 |
| 210 | @a北京@c中国铁道出版社@d1981 | |
| 215 | @a254页@d25cm | |
| 300 | @a高等学校试用教材 | |
| 606 | 0 | @a铁路车辆@x车辆工程 |
| 690 | @aU270.1 | |
| 701 | 0 | @a王福天@Awang fu tian@4编 |
| 801 | 0 | @aCN@b上海图书馆@c20040514 |
| 801 | 2 | @aCN@bNLC@c20040514 |
| 905 | @f1@b41551@dU270.1@e71 | |
| 车辆动力学/王福天主编.-北京:中国铁道出版社,1981 |
| 254页;25cm |
| 高等学校试用教材 |
| ISBN :CNY1.70 |
| ● |
| 相关链接 |
|
|
|
|
正题名:车辆动力学
索取号:U270.1/71
 
预约/预借
| 序号 | 登录号 | 条形码 | 馆藏地/架位号 | 状态 | 备注 |
| 1 | 0041551 | 001482817 | 第三借阅区/ [索取号:U270.1/71] | 在馆 | |
| 2 | 0041555 | 001482880 | 第二样本阅览室/ [索取号:U270.1/71] | 在馆 |